| 000 | 00514nam a2200181Ia 4500 | ||
|---|---|---|---|
| 003 | GCL | ||
| 008 | 140319s9999 xx 000 0 ara d | ||
| 040 |
_aGCL / _cGCL |
||
| 082 | 0 | 4 |
_a216 _bم هـ |
| 100 | 1 | _aمحمد قطب | |
| 245 | 1 | 0 |
_aهلم نخرج من ظلمات التيه / _cمحمد قطب |
| 300 | _a94 ص | ||
| 490 |
_a100 قصة _v0 |
||
| 650 | 0 | 4 | _aالاسلام |
| 650 | 0 | 4 | _aالاسلام والمجتمع |
| 650 | 0 | 4 | _aالاسلام والاصلاح الاجتماعى |
| 942 |
_2ddc _cBK |
||
| 999 |
_c44969 _d44969 |
||